| 000 | 00638nam a2200241Ia 4500 | ||
|---|---|---|---|
| 008 | 160404s9999 xx 000 0 und d | ||
| 020 | _a971-725-107-X | ||
| 050 | _aFIL Z 43 | ||
| 050 | _b.M37 2004 c.2 | ||
| 100 | _aMapa, Afra Millare. | ||
| 245 | _aHandwriting proficiency : | ||
| 245 | _bworktext in handwritiing / | ||
| 245 | _cAfra Millare Mapa. | ||
| 260 | _aMakati City: | ||
| 260 | _bGrandwater Pub., | ||
| 260 | _c2004 | ||
| 300 | _a70 pages : | ||
| 300 | _billustrations ; | ||
| 300 | _c27 cm. | ||
| 500 | _aIncludes bibliographical references. | ||
| 650 | _aPenmanship. | ||
| 650 | _xHandwriting -- Workbook. | ||
| 999 |
_c293185 _d293185 |
||